Doing ethnography / (Record no. 9500)

MARC details
000 -LEADER
fixed length control field 01251cam a22003854a 4500
001 - CONTROL NUMBER
control field 14899532
005 - DATE AND TIME OF LATEST TRANSACTION
control field 20260502103342.0
008 - FIXED-LENGTH DATA ELEMENTS--GENERAL INFORMATION
fixed length control field 070621s2008 enka b 001 0 eng
010 ## - LIBRARY OF CONGRESS CONTROL NUMBER
LC control number 2007931482
015 ## - NATIONAL BIBLIOGRAPHY NUMBER
National bibliography number GBA716666
Source bnb
016 7# - NATIONAL BIBLIOGRAPHIC AGENCY CONTROL NUMBER
Record control number 013683825
Source Uk
020 ## - INTERNATIONAL STANDARD BOOK NUMBER
International Standard Book Number 9781412919203
020 ## - INTERNATIONAL STANDARD BOOK NUMBER
International Standard Book Number 1412919207
020 ## - INTERNATIONAL STANDARD BOOK NUMBER
International Standard Book Number 1412919215
020 ## - INTERNATIONAL STANDARD BOOK NUMBER
International Standard Book Number 9781412919210
035 ## - SYSTEM CONTROL NUMBER
System control number 14899532
035 ## - SYSTEM CONTROL NUMBER
System control number (OCoLC)85691615
040 ## - CATALOGING SOURCE
Transcribing agency IRDP
Modifying agency BAKER
-- BTCTA
-- YDXCP
-- BWKUK
-- BWX
-- IXA
-- CDX
-- DLC
041 1# - LANGUAGE CODE
Language code of text/sound track or separate title eng
Language code of original ita
042 ## - AUTHENTICATION CODE
Authentication code ukscp
-- lccopycat
050 00 - LIBRARY OF CONGRESS CALL NUMBER
Classification number GN345
Item number .G553 2008
082 04 - DEWEY DECIMAL CLASSIFICATION NUMBER
Classification number 305.800 72 GOB
Edition number 22
100 1# - MAIN ENTRY--PERSONAL NAME
Personal name Gobo, Giampietro.
245 10 - TITLE STATEMENT
Title Doing ethnography /
Statement of responsibility, etc. Giampietro Gobo ; translated by Adrian Belton.
260 ## - PUBLICATION, DISTRIBUTION, ETC. (IMPRINT)
Place of publication, distribution, etc. Los Angeles, Calif. :
Name of publisher, distributor, etc. SAGE,
Date of publication, distribution, etc. 2008.
300 ## - PHYSICAL DESCRIPTION
Extent xvi, 355 p. :
Other physical details ill. ;
Dimensions 25 cm.
504 ## - BIBLIOGRAPHY, ETC. NOTE
Bibliography, etc Includes bibliographical references and index.
650 #0 - SUBJECT ADDED ENTRY--TOPICAL TERM
Topical term or geographic name as entry element Ethnology
General subdivision Research
-- Methodology.
650 #0 - SUBJECT ADDED ENTRY--TOPICAL TERM
Topical term or geographic name as entry element Ethnology
Form subdivision Problems, exercises, etc.
906 ## - LOCAL DATA ELEMENT F, LDF (RLIN)
a 7
b cbc
c copycat
d 2
e ncip
f 20
g y-gencatlg
942 ## - ADDED ENTRY ELEMENTS (KOHA)
Source of classification or shelving scheme Dewey Decimal Classification
Koha item type BOOKS
Holdings
Withdrawn status Lost status Source of classification or shelving scheme Damaged status Not for loan Home library Current library Shelving location Date acquired Total Checkouts Full call number Barcode Date last seen Price effective from Koha item type
    Dewey Decimal Classification     Dodoma Dodoma Ground Floor 02/05/2026   305.800 72 GOB LIB*8006 02/05/2026 02/05/2026 BOOKS

IRDP © 2021 :: Managed by ICT Team